cycling top 5 of 2023 monuments - Statistics

General Stats
  • This quiz has been taken 315 times
  • The average score is 17 of 25
Answer Stats
Monument Position Name % Correct
Milano - San Remo 1 Mathieu Van der Poel
100%
Tour of Flanders 2 Mathieu Van der Poel
100%
Paris - Roubaix 1 Mathieu Van der Poel
100%
Milano - San Remo 4 Tadej Pogacar
100%
Tour of Flanders 1 Tadej Pogacar
100%
Giro di Lombardia 1 Tadej Pogacar
100%
Milano - San Remo 3 Wout Van Aert
97%
Tour of Flanders 4 Wout Van Aert
97%
Paris - Roubaix 3 Wout Van Aert
97%
Liege- Bastogne - Liege 1 Remco Evenepoel
95%
Paris - Roubaix 2 Jasper Philipsen
86%
Tour of Flanders 3 Mads Pedersen
74%
Paris - Roubaix 4 Mads Pedersen
74%
Giro di Lombardia 3 Primoz Roglic
68%
Milano - San Remo 2 Filippo Ganna
67%
Liege- Bastogne - Liege 2 Thomas Pidcock
66%
Liege- Bastogne - Liege 4 Ben Healy
43%
Paris - Roubaix 5 Stefan Küng
37%
Giro di Lombardia 5 Simon Yates
36%
Giro di Lombardia 2 Andrea Bagioli
29%
Giro di Lombardia 4 Aleksandr Vlasov
23%
Liege- Bastogne - Liege 3 Santiago Buitrago
22%
Liege- Bastogne - Liege 5 Valentin Madouas
22%
Tour of Flanders 5 Neilson Powless
20%
Milano - San Remo 5 Soren Kragh Andersen
13%
No matching quizzes found
Score Distribution
Percent of People with Each Score
Percentile by Number Answered
Your Score History
You have not taken this quiz